[Event "Eupen op"]
[Site "Eupen"]
[Date "2006.12.11"]
[Round "4"]
[White "Koep, Erich"]
[Black "Lucrezi, Marina"]
[Result "0-1"]
[WhiteElo "1354"]
[BlackElo "1150"]
[PlyCount "44"]
[EventDate "2006.12.08"]
[EventType "swiss"]
[EventRounds "7"]
[EventCountry "BEL"]
[SourceTitle "CBM 115 Extra"]
[Source "ChessBase"]
[SourceDate "2007.01.10"]
[SourceVersion "1"]
[SourceVersionDate "2007.01.10"]
[SourceQuality "1"]

1. e4 e5 2. Nf3 Nc6 3. Bb5 a6 4. Ba4 Nf6 5. d3 Bc5 6. 0-0 0-0 7. c4 b5 8. cxb5 axb5 9. Bxb5 Nd4 10. Nxd4 Bxd4 11. Bc4 d6 12. h3 Bb7 13. Qe2 d5 14. exd5 Nxd5 15. Be3 Nf4 16. Bxf4 exf4 17. Qd2 Qg5 18. g4 Qh4 19. Kh2 Be3 20. Qe2 Rae8 21. Nd2 Bxf2 22. Qxf2 Re2 0-1